000 00616nam a2200169 i 4500
001 81851
003 ES-MaACL
005 20231227193959.0
007 t|
008 041108s1940 sp ||||1| spa d
100 1 _aIbáñez Martín, José,
_d1896-1969
_964934
245 1 0 _aHacia una nueva ciencia española /
_cdiscurso pronunciado por José Ibáñez Martínez en el acto inaugural del Consejo Superior de Investigaciones Científicas el 30 de octubre 1940.
260 _aMadrid :
_b[s.n.,
_c1940] (
_fSamarán)
300 _a30 p. ;
_c25 cm.
852 _aES-MaACL
_j1685-F-22
_bR.18587
999 _c81851
_d81851